Základy práva životného prostredia.

Rôzna povaha výkonu konkrétnych úloh na úseku starostlivosti o životné prostredie v obciach, a to v závislosti od toho, či ide o výkon samosprávnych úloh obce v súlade s par. 4 a 28 zákona SNR č. 369/1990, alebo o výkon úloh miestnej štátnej správy prenesených na obec zákonom.

Guardado en:
Detalles Bibliográficos
Autor principal: Klementová, S.
Formato: Capítulo de libro
Lenguaje:eslovaco
Materias:
Etiquetas: Agregar Etiqueta
Sin Etiquetas, Sea el primero en etiquetar este registro!

MARC

LEADER 00000naa a2200000 4500
001 r011167
005 20220831085654.6
041 0 |a slo 
044 |a [CS] 
245 1 0 |a Základy práva životného prostredia.  |c S. Klementová 
520 |a Rôzna povaha výkonu konkrétnych úloh na úseku starostlivosti o životné prostredie v obciach, a to v závislosti od toho, či ide o výkon samosprávnych úloh obce v súlade s par. 4 a 28 zákona SNR č. 369/1990, alebo o výkon úloh miestnej štátnej správy prenesených na obec zákonom. 
610 2 0 |a ochrana prostredia životného 
610 2 0 |a predpisy právne 
610 2 0 |a obce 
610 2 0 |a Slovensko 
100 1 |a Klementová, S.